000 00440nam a2200181Ia 4500
003 GCL
008 140319s9999 xx 000 0 eng d
040 _aGCL /
_cGCL
082 0 4 _a843
_bB V
100 1 _aBARIAVEL, RENE
245 1 0 _aLE VOYAGEUR IMPRUDENT /
_cBARIAVEL, RENE
260 _a[S.N] :
_bFOLIO ،
_c1995
300 _a244 P
490 _aDENOEL
_v0
650 0 4 _aLITERATURE
650 0 4 _aFRENCH LITERATURE
942 _2ddc
_cBK
999 _c22562
_d22562